How Not to Lose It: Mental Health - Sorted / (Record no. 4798)
[ view plain ]
| 000 -LEADER | |
|---|---|
| fixed length control field | 01162nam a22002537a 4500 |
| 001 - CONTROL NUMBER | |
| control field | 4798 |
| 003 - CONTROL NUMBER IDENTIFIER | |
| control field | FISKH |
| 005 - DATE AND TIME OF LATEST TRANSACTION | |
| control field | 20241014140719.0 |
| 008 - FIXED-LENGTH DATA ELEMENTS--GENERAL INFORMATION | |
| fixed length control field | 241014b cb ||||| |||| 00| 0 eng d |
| 020 ## - INTERNATIONAL STANDARD BOOK NUMBER | |
| International Standard Book Number | 9781407193144 |
| 040 ## - CATALOGING SOURCE | |
| Original cataloging agency | FISKH |
| Language of cataloging | eng |
| Transcribing agency | FISKH |
| Modifying agency | FISKH |
| 082 ## - DEWEY DECIMAL CLASSIFICATION NUMBER | |
| Classification number | 616.89 |
| 100 ## - MAIN ENTRY--PERSONAL NAME | |
| Personal name | Williamson, Anna |
| 245 ## - TITLE STATEMENT | |
| Title | How Not to Lose It: Mental Health - Sorted / |
| Statement of responsibility, etc. | by Anna Williamson |
| 260 ## - PUBLICATION, DISTRIBUTION, ETC. | |
| Place of publication, distribution, etc. | London : |
| Name of publisher, distributor, etc. | Scholastic ; |
| Date of publication, distribution, etc. | 2019. |
| 300 ## - PHYSICAL DESCRIPTION | |
| Extent | 176 pages : |
| Other physical details | color illustrations ; |
| Dimensions | 22 cm . |
| 505 ## - FORMATTED CONTENTS NOTE | |
| Formatted contents note | R <br/> |
| 520 ## - SUMMARY, ETC. | |
| Summary, etc. | The go-to mental health guide for kids! Exam stress? Friendship issues? Panic attacks? How Not To Lose It will help you be the boss of all of this, and more. It's not just your body that should be fit and healthy -your mind needs to be, too! How Not To Lose It is the go-to guide for achieving a balanced mind and strong emotional well-being. Topics covered include anxiety, depression, relationships, phobias, bullying, peer pressure, self-esteem, and much more. |
| 521 8# - TARGET AUDIENCE NOTE | |
| Target audience note | 750 <br/> |
| Source | Lexile estimate <br/> |
| 521 8# - TARGET AUDIENCE NOTE | |
| Target audience note | R <br/> |
| Source | Raz-Plus <br/> |
| 650 ## - SUBJECT ADDED ENTRY--TOPICAL TERM | |
| Topical term or geographic name entry element | mental health |
| Form subdivision | non-fiction |
| 942 ## - ADDED ENTRY ELEMENTS (KOHA) | |
| Source of classification or shelving scheme | Dewey Decimal Classification |
| Koha item type | Books |
| Suppress in OPAC | No |
| Withdrawn status | Lost status | Source of classification or shelving scheme | Damaged status | Not for loan | Collection | Home library | Current library | Shelving location | Date acquired | Total Checkouts | Full call number | Barcode | Date last seen | Date last checked out | Price effective from | Koha item type |
|---|---|---|---|---|---|---|---|---|---|---|---|---|---|---|---|---|
| Dewey Decimal Classification | Non-Fiction | Footprints International School Library Network Toul Kork Campus | Footprints International School Library Network Toul Kork Campus | TTP Secondary Non-Fiction Bookshelves | 10/14/2024 | 2 | WIL 616.89 | FIS03076 | 06/05/2025 | 04/25/2025 | 10/14/2024 | Books |
